MARC details
| 000 -CABECERA |
| campo de control de longitud fija |
00971nam a2200301 a 4500 |
| 001 - NÚMERO DE CONTROL |
| campo de control |
000016282 |
| 005 - FECHA Y HORA DE LA ÚLTIMA TRANSACCIÓN |
| campo de control |
20250520120032.0 |
| 008 - DATOS DE LONGITUD FIJA--INFORMACIÓN GENERAL |
| campo de control de longitud fija |
100303s1985 dr a 001 0 spa d |
| 020 ## - NÚMERO INTERNACIONAL ESTÁNDAR DEL LIBRO |
| ISBN cancelado o inválido |
8480000680 |
| 040 ## - FUENTE DE LA CATALOGACIÓN |
| Centro catalogador/agencia de origen |
DO-SdBNP |
| Lengua de catalogación |
spa |
| Centro/agencia transcriptor |
BNPHU |
| 082 ## - NÚMERO DE LA CLASIFICACIÓN DECIMAL DEWEY |
| Número de clasificación |
370.15 |
| Número de documento/Ítem |
L318a, 1985 |
| 049 ## - FONDOS LOCALES (OCLC) |
| Fondos de biblioteca |
BNPD |
| 100 1# - ENTRADA PRINCIPAL--NOMBRE DE PERSONA |
| Nombre de persona |
Lara Peña, Erasmo |
| 9 (RLIN) |
36352 |
| 245 10 - MENCIÓN DE TÍTULO |
| Título |
Apuntes y notas de psicología educativa para maestros / |
| Mención de responsabilidad, etc. |
Erasmo Lara Peña. |
| 260 ## - PUBLICACIÓN, DISTRIBUCIÓN, ETC. |
| Lugar de publicación, distribución, etc. |
Santo Domingo : |
| Nombre del editor, distribuidor, etc. |
Taller, |
| Fecha de publicación, distribución, etc. |
1985. |
| 300 ## - DESCRIPCIÓN FÍSICA |
| Extensión |
292 p. : |
| Otras características físicas |
il. ; |
| Dimensiones |
23 cm. |
| 490 1# - MENCIÓN DE SERIE |
| Mención de serie |
Biblioteca Taller |
| Designación de volumen o secuencia |
125 |
| 490 1# - MENCIÓN DE SERIE |
| Mención de serie |
Colección Textos |
| 504 ## - NOTA DE BIBLIOGRAFÍA, ETC. |
| Nota de bibliografía, etc. |
Bibliografía: p.281-283. |
| 650 #0 - PUNTO DE ACCESO ADICIONAL DE MATERIA--TÉRMINO DE MATERIA |
| Término de materia o nombre geográfico como elemento de entrada |
Psicopedagogía |
| 9 (RLIN) |
1570 |
| 650 #4 - PUNTO DE ACCESO ADICIONAL DE MATERIA--TÉRMINO DE MATERIA |
| Término de materia o nombre geográfico como elemento de entrada |
Psicología del aprendizaje |
| 9 (RLIN) |
2721 |
| 650 #0 - PUNTO DE ACCESO ADICIONAL DE MATERIA--TÉRMINO DE MATERIA |
| Término de materia o nombre geográfico como elemento de entrada |
Pedagogía |
| 9 (RLIN) |
693 |
| 650 #4 - PUNTO DE ACCESO ADICIONAL DE MATERIA--TÉRMINO DE MATERIA |
| Término de materia o nombre geográfico como elemento de entrada |
Capacitación docente |
| 9 (RLIN) |
17398 |
| 650 #4 - PUNTO DE ACCESO ADICIONAL DE MATERIA--TÉRMINO DE MATERIA |
| Término de materia o nombre geográfico como elemento de entrada |
Formación profesional de maestros |
| 9 (RLIN) |
17397 |
| 830 #0 - PUNTO DE ACCESO ADICIONAL DE SERIE-TÍTULO UNIFORME |
| Título uniforme |
Biblioteca Taller |
| Designación de volumen o secuencia |
125 |
| 9 (RLIN) |
164 |
| 830 #0 - PUNTO DE ACCESO ADICIONAL DE SERIE-TÍTULO UNIFORME |
| Título uniforme |
Colección Textos |
| 9 (RLIN) |
36354 |
| 910 ## - DATOS DE OPCIÓN DEL USUARIO (OCLC) |
| Datos de opción del usuario |
Validado. Control de calidad |